| 000 | 00776nam a22002177a 4500 | ||
|---|---|---|---|
| 999 |
_c5110 _d5110 |
||
| 003 | AR-CdUCM | ||
| 008 | 190312b ||||| |||| 00| 0 spa d | ||
| 020 | _a950-43-8334-3 | ||
| 040 |
_aMUNICIPALIDAD PROVINCIAL DEL CUSCO _cBIBLIOTECA MUNICIPAL DEL CUSCO |
||
| 082 |
_22ed. _a982.03 / _bE19 |
||
| 100 |
_aEcheverria Baleta, Mario _98774 |
||
| 245 |
_aVida y leyenda tehuelches : _bleyendas mitológicas / |
||
| 260 |
_aSanta Cruz : _bAteli, _c1998. |
||
| 300 |
_a153 paginas ; _bIlustraciones, _c21 cm. |
||
| 505 | _aCreación del mundo -- Creación del sol -- Creación de la isla -- Los gigantes -- Reunión de la laguna ... | ||
| 650 |
_aLeyendas _92226 |
||
| 650 |
_aMitologías _915547 |
||
| 650 |
_aHistoria de tehuelches _915548 |
||
| 942 |
_2ddc _cLIBROS |
||
| 945 | _aacv | ||